[Event "Gujarat op 3rd"]
[Site "Ahmedabad"]
[Date "2022.04.07"]
[Round "10"]
[White "Satvik, Sharma"]
[Black "Gusain, Himal"]
[Result "0-1"]
[WhiteElo "1753"]
[BlackElo "2408"]
[PlyCount "64"]
[EventDate "2022.03.31"]
[EventType "swiss"]
[EventRounds "10"]
[EventCountry "IND"]
[SourceTitle "CBM 207 Extra"]
[Source "ChessBase"]
[SourceDate "2022.05.31"]
[SourceVersion "1"]
[SourceVersionDate "2022.05.31"]
[SourceQuality "1"]

1. d4 f5 2. Bf4 Nf6 3. e3 d6 4. h3 g6 5. Nc3 Bg7 6. g4 fxg4 7. hxg4 Bxg4 8. Qd2 Nh5 9. Bg5 Bf6 10. Bh6 Nc6 11. f3 Bd7 12. Nge2 e6 13. Bh3 Bh4+ 14. Kd1 Bg5 15. Bxg5 Qxg5 16. d5 exd5 17. Bxd7+ Kxd7 18. Nxd5 Qg2 19. Rg1 Qxf3 20. Kc1 Nf6 21. c4 Raf8 22. b3 Nxd5 23. cxd5 Ne7 24. Nf4 Rf5 25. Qd4 Re5 26. Qa4+ Kc8 27. Qxa7 Qxe3+ 28. Qxe3 Rxe3 29. Kd2 Rf3 30. Rae1 Rxf4 31. Rxe7 Rd4+ 32. Ke3 Rxd5 0-1

[Event "New Delhi Parsvnath blitz op 18th"]
[Site "New Delhi"]
[Date "2020.01.14"]
[Round "4"]
[White "Satvik, Sharma"]
[Black "Sa, Kannan"]
[Result "1/2-1/2"]
[WhiteElo "1723"]
[BlackElo "2022"]
[PlyCount "55"]
[EventDate "2020.01.14"]
[EventType "swiss (blitz)"]
[EventRounds "9"]
[EventCountry "IND"]
[SourceTitle "CBM 194 Extra"]
[Source "ChessBase"]
[SourceDate "2020.03.31"]
[SourceVersion "1"]
[SourceVersionDate "2020.03.31"]
[SourceQuality "1"]

1. d4 d5 2. Bf4 c5 3. e3 Nc6 4. Nc3 cxd4 5. exd4 a6 6. Nf3 Nf6 7. Ne5 e6 8. Nxc6 bxc6 9. Na4 c5 10. dxc5 Bxc5 11. Nxc5 Qa5+ 12. c3 Qxc5 13. Bd3 0-0 14. 0-0 Bb7 15. Re1 Rad8 16. Be3 Qc6 17. Bd4 Ne8 18. Re3 f5 19. Qh5 Nf6 20. Qh4 Rd7 21. Rae1 Ne4 22. f3 e5 23. Bxe5 g5 24. Qh3 f4 25. Rxe4 dxe4 26. Bxe4 Qc8 27. Qe6+ Rdf7 28. Qg6+ 1/2-1/2

[Event "Bhopal op"]
[Site "Bhopal"]
[Date "2019.12.22"]
[Round "2"]
[White "Lugovskoy, Maxim"]
[Black "Satvik, Sharma"]
[Result "1-0"]
[WhiteElo "2466"]
[BlackElo "1740"]
[PlyCount "93"]
[EventDate "2019.12.21"]
[EventType "swiss"]
[EventRounds "10"]
[EventCountry "IND"]
[SourceTitle "CBM 194 Extra"]
[Source "ChessBase"]
[SourceDate "2020.03.31"]
[SourceVersion "1"]
[SourceVersionDate "2020.03.31"]
[SourceQuality "1"]

1. e4 c5 2. Nf3 d6 3. Bb5+ Bd7 4. Bxd7+ Qxd7 5. c4 Nf6 6. Nc3 Nc6 7. d4 cxd4 8. Nxd4 g6 9. f3 Bg7 10. Be3 0-0 11. 0-0 Rac8 12. b3 Rfd8 13. Qd2 e6 14. Rfd1 d5 15. cxd5 exd5 16. Nxc6 bxc6 17. Rac1 Qe7 18. exd5 Nxd5 19. Nxd5 Rxd5 20. Qf2 Rxd1+ 21. Rxd1 c5 22. Rc1 Rd8 23. Bxc5 Qxc5 24. Qxc5 Bd4+ 25. Kf1 Bxc5 26. Rxc5 Rd2 27. Ra5 Rd7 28. Ke2 Kf8 29. Ke3 Ke7 30. Ke4 h6 31. g4 Ke6 32. h4 f6 33. f4 Ke7 34. g5 hxg5 35. hxg5 fxg5 36. fxg5 Ke6 37. Ra6+ Kf7 38. b4 Kg7 39. a4 Kf7 40. b5 Re7+ 41. Kd5 Rb7 42. Rf6+ Kg7 43. Rd6 Rf7 44. Kc6 Rf5 45. Rd7+ Kf8 46. Rxa7 Rxg5 47. b6 1-0